Fundamentals of data processing / (Record no. 190998)
[ view plain ]
| 000 -LEADER | |
|---|---|
| fixed length control field | 00676 a2200193 4500 |
| 003 - CONTROL NUMBER IDENTIFIER | |
| control field | Nust |
| 005 - DATE AND TIME OF LATEST TRANSACTION | |
| control field | 20230516115854.0 |
| 020 ## - INTERNATIONAL STANDARD BOOK NUMBER | |
| International Standard Book Number | 0-538-10500-3 |
| 040 ## - CATALOGING SOURCE | |
| Transcribing agency | Nust |
| 082 ## - DEWEY DECIMAL CLASSIFICATION NUMBER | |
| Classification number | 001.64,WAN |
| 100 1# - MAIN ENTRY--PERSONAL NAME | |
| Personal name | Wanous, S.J. |
| 9 (RLIN) | 112368 |
| 245 00 - TITLE STATEMENT | |
| Title | Fundamentals of data processing / |
| Statement of responsibility, etc. | S.J. Wanous, E.E. Wanous. Gerald E. Wagner |
| 260 ## - PUBLICATION, DISTRIBUTION, ETC. | |
| Place of publication, distribution, etc. | Cincinnati ..., |
| Date of publication, distribution, etc. | 1971 |
| 300 ## - PHYSICAL DESCRIPTION | |
| Extent | 408 s. : |
| Other physical details | Ill. |
| 505 ## - FORMATTED CONTENTS NOTE | |
| Formatted contents note | Growth and Importance of data Processing (Page-1), Basic Components of Automated Systems (Page-59), Unit-Record System (Page-131), The Electronic Computer System (Page-165). |
| 700 1# - ADDED ENTRY--PERSONAL NAME | |
| Personal name | Wagner, Gerald E. |
| 9 (RLIN) | 112369 |
| 700 1# - ADDED ENTRY--PERSONAL NAME | |
| Personal name | Wanous, E.E. |
| 9 (RLIN) | 112370 |
| 942 ## - ADDED ENTRY ELEMENTS (KOHA) | |
| Source of classification or shelving scheme | |
| Koha item type | Book Bank |
| Withdrawn status | Lost status | Source of classification or shelving scheme | Damaged status | Not for loan | Permanent Location | Current Location | Shelving location | Date acquired | Full call number | Barcode | Date last seen | Price effective from | Koha item type | Public note |
|---|---|---|---|---|---|---|---|---|---|---|---|---|---|---|
| Military College of Signals (MCS) | Military College of Signals (MCS) | General Stacks | 12/12/2016 | 001.64,WAN | MCS230 | 12/08/2016 | 12/12/2016 | Book | Almirah No.79, Shelf No.1 |
